Design classics: 1880-1930
Saved in:
| Main Authors: | , |
|---|---|
| Format: | Bog |
| Sprog: | spansk engelsk tysk |
| Udgivet: |
Colonia
Taschen
2001
|
| Fag: | |
| Tags: |
Tilføj Tag
Ingen Tags, Vær først til at tagge denne postø!
|
MARC
| LEADER | 00000nam a2200000 a 4500 | ||
|---|---|---|---|
| 001 | UCM8833 | ||
| 003 | CL-VaPUC | ||
| 008 | 030328e20010000GW |||||||||||||||||spa|d | ||
| 041 | 0 | 7 | |a spa |2 CL-VaPUC |
| 041 | 0 | 7 | |a eng |2 CL-VaPUC |
| 041 | 0 | 7 | |a ger |2 CL-VaPUC |
| 082 | 0 | 4 | |a 745.444 |b BRO |2 21 |
| 100 | 0 | |a Bröhan, Torsten |e author |9 475065 | |
| 700 | 0 | |a Berg, Thomas |e author |9 475066 | |
| 245 | 1 | 0 | |a Design classics: 1880-1930 |
| 300 | |a 176 p | ||
| 942 | |c BK | ||
| 945 | |d 20030328 00:00:00 |a cmena | ||
| 260 | |a Colonia |b Taschen |c 2001 | ||
| 650 | 7 | |a DISEÑO SIGLO 20 |2 CL-VaPUC |9 268910 | |
| 650 | 0 | |a Diseño industrial |9 262726 | |
| 650 | 7 | |a ESCUELAS DE BELLAS ARTES |2 CL-VaPUC |9 475067 | |
| 650 | 0 | |a Estilos artísticos |9 340996 | |
| 583 | |a last modification |c 20030328 00:00:00 |k Rodrigo Vera | ||
| 999 | |c 303254 |d 303252 | ||
| 952 | |0 0 |1 0 |4 0 |6 745_444000000000000_BRO_2001 |7 0 |8 A |9 364438 |a BIBARQ |b BIBARQ |d 2019-11-21 |i 3887782 |l 1 |o 745.444 BRO 2001 |p 3887782 |r 2025-01-20 |s 2022-05-06 |w 2019-11-21 |y BK |k ARQ | ||